Statistics for Irish Parliamentary Tradition

Click here to take the quiz!

General Stats

  • This quiz has been taken 17 times
  • The average score is 3 of 8

Answer Stats

QuestionAnswer% Correct
IRB stood for whatIrish Republican Brotherhood
100%
Who was known as 'The LiberatorDaniel O'Connell
94%
When and where was C.S Parnell bornWicklow 1846
50%
When did Daniel O'Connell establish the Catholic Association1823
44%
When was the 'Relief Act' passed1829
19%
When was the 'Land Act' passed1881
19%
What year was the Act of Union1800
13%
Who founded the Home Rule PartyIsaac Butt
6%

Score Distribution

Percentile by Number Answered

Percent of People with Each Score

Your Score History

You have not taken this quiz